• 首页
  • 本馆介绍
  • 公告通知
  • 最新文献
  • 馆藏检索
  • 电子资源
  • 读者导购
  • 参考咨询
  • 我的图书馆
  • 登录
  • 详细信息显示
  • 放入我的书架
  • 预约/预借图书
  • 作者相关作品
  • 分类相关作品
  • 丛书相关作品
  • 出版社相关作品

书目信息

  • 表格格式
  • 工作单格式
  • 卡片格式
题名:
追求卓越
    
 
作者: 彼得斯 , 沃特曼 著 ;戴春平 译
分册:  
出版信息: 北京   中央编译出版社  2001
页数: 352页
开本: 20cm
丛书名:
单 册:
中图分类: F279.712.3
科图分类:
主题词: 企业管理--经验--美国
电子资源:
ISBN: 7-80109-376-3
000 00931nam0 2200241 45
001 0211050909
005 20031219104059.9
010    @a7-80109-376-3@dCNY25.00
100    @a20021105d2001 km y0chiy0120 ea
101 0  @achi@ceng
105    @a z 000yy
200 1  @a追求卓越@AZhui Qiu Zhuo Yue@e美国优秀企业的管理圣经@EMei Guo You Xiu Qi Ye De Guan Li Sheng Jing@f(美)彼得斯(peters,T.),(美)沃特曼(waterman,R.)著@F(Mei)Bi De Si(peters,T.),(Mei)Wo Te Man(waterman,R.)Zhu@g戴春平等译
210    @a北京@c中央编译出版社@d2001
215    @a352页@d20cm
304    @a书名原文:In search of excellence
517 1  @a美国优秀企业的管理圣经@AMei Guo You Xiu Qi Ye De Guan Li Sheng Jing
606 0  @a企业管理@x经验@y美国
690    @aF279.712.3@v4
701  0 @a彼得斯@bpeters,T.@4著
701  0 @a沃特曼@bwaterman,R.@4著
702  0 @a戴春平@ADai Chun Ping@4译
801    @aCN@bTSTC@c20021105
905    @b316848-852@dF279.712.3@e115@f5
    
    追求卓越:美国优秀企业的管理圣经/(美)彼得斯(peters,T.),(美)沃特曼(waterman,R.)著/戴春平等译.-北京:中央编译出版社,2001
    352页;20cm
    
    
    ISBN 7-80109-376-3:CNY25.00
    
●
相关链接 在E读中查询图书 在五车中查询图书 在当当中查询图书 在豆瓣中查询图书


正题名:追求卓越     索取号:F279.712.3/115         预约/预借

序号 登录号 条形码 馆藏地/架位号 状态 备注
1 0316848   203168482   第一借阅区/ [索取号:F279.712.3/115] 在馆    
2 0316849   203168491   第一借阅区/ [索取号:F279.712.3/115] 在馆    
3 0316850   203168507   第一借阅区/ [索取号:F279.712.3/115] 在馆    
4 0316851   203168516   第一借阅区/ [索取号:F279.712.3/115] 在馆    
5 0316852   203168525   第一样本阅览室/ [索取号:F279.712.3/115] 在馆    
唐山师范学院图书馆 欢迎您!
大连网信软件有限公司© 版权所有